| 000 | 00572nam a22002177a 4500 | ||
|---|---|---|---|
| 003 | OSt | ||
| 005 | 20250206130828.0 | ||
| 008 | 250206b |||||||| |||| 00| 0 eng d | ||
| 020 | _a0130304727 | ||
| 040 | _cMUST | ||
| 082 |
_222 _a338.5 PIN 2001 |
||
| 100 |
_aPindyck, Robert S _919359 |
||
| 245 |
_aMicroeconomics/ _cRobert S. Pindyck |
||
| 250 | _a5th | ||
| 260 |
_aLondon: _bPrentice Hall, _c2001 |
||
| 300 |
_axxix,700p. _bcol. ill. _c26cm |
||
| 504 | _aincludes indexes | ||
| 650 | _2Microeconomics | ||
| 700 |
_aRubinfeld, Daniel L. _919360 |
||
| 942 |
_2z _cO_SHELF |
||
| 999 |
_c9506 _d9506 |
||